Missionary Man Lyrics-Ghost - Statistics

General Stats
  • This quiz has been taken 80 times
  • The average score is 219 of 254
Answer Stats
Answer % Correct
a
100%
A
100%
I
100%
me
97%
the
97%
was
97%
an
94%
for
94%
man
94%
mission
94%
missionary
94%
sin
94%
with
94%
And
91%
and
91%
born
91%
from
91%
mess
91%
my
91%
My
91%
of
91%
original
91%
to
91%
be
88%
Be
88%
don't
88%
Don't
88%
had
88%
sinner
88%
that
88%
There
88%
you
88%
You
88%
can
85%
dollar
85%
if
85%
in
85%
I've
85%
money
85%
Money
85%
mountain
85%
on
85%
thing
85%
up
85%
your
85%
all
82%
But
82%
chin
82%
done
82%
go
82%
got
82%
he
82%
He
82%
mother
82%
told
82%
bill
79%
can't
79%
god
79%
he's
79%
He's
79%
his
79%
side
79%
There'd
79%
things
79%
Well
79%
you're
79%
brother
76%
just
76%
monkey
76%
one
76%
said
76%
tree
76%
what
76%
woman
76%
better
74%
doing
74%
down
74%
followin'
74%
fool
74%
Get
74%
knees
74%
piled
74%
Stop
74%
there's
74%
wrong
74%
believe
71%
Believe
71%
good
71%
jungle
71%
mind
71%
must
71%
strong
71%
true
71%
understand
71%
yourself
71%
behind
68%
message
68%
serious
68%
She
68%
upon
65%
bible
62%
books
59%
looks
59%
those
59%
Black
56%
eyed
56%
saints
56%
backin'
53%
apostles
47%
Oh
44%
borne
38%
No matching quizzes found
Score Distribution
Percent of People with Each Score
Percentile by Number Answered
Your Score History
You have not taken this quiz